Mineral resources of Nye County, Nevada. (Record no. 28549)
[ view plain ]
| 000 -LEADER | |
|---|---|
| fixed length control field | 00939cam a22002651 4500 |
| 001 - CONTROL NUMBER | |
| control field | gs 51000117 |
| 003 - CONTROL NUMBER IDENTIFIER | |
| control field | DLC |
| 005 - DATE AND TIME OF LATEST TRANSACTION | |
| control field | 20260227111357.0 |
| 008 - FIXED-LENGTH DATA ELEMENTS--GENERAL INFORMATION | |
| fixed length control field | 760728s1951 xx 000 0 eng |
| 010 ## - LIBRARY OF CONGRESS CONTROL NUMBER | |
| LC control number | gs 51000117 |
| 035 ## - SYSTEM CONTROL NUMBER | |
| System control number | (OCoLC)2338946 |
| 040 ## - CATALOGING SOURCE | |
| Original cataloging agency | DLC |
| Transcribing agency | OTU |
| Modifying agency | DLC |
| 042 ## - AUTHENTICATION CODE | |
| Authentication code | premarc |
| 050 00 - LIBRARY OF CONGRESS CALL NUMBER | |
| Classification number | TN24.N3 |
| Item number | K7 |
| 082 ## - DEWEY DECIMAL CLASSIFICATION NUMBER | |
| Classification number | 553 |
| 100 1# - MAIN ENTRY--PERSONAL NAME | |
| Personal name | Kral, Victor E. |
| 245 10 - TITLE STATEMENT | |
| Title | Mineral resources of Nye County, Nevada. |
| 260 ## - PUBLICATION, DISTRIBUTION, ETC. | |
| Place of publication, distribution, etc. | Reno, |
| Name of publisher, distributor, etc. | University of Neveda |
| Date of publication, distribution, etc. | 1951. |
| 300 ## - PHYSICAL DESCRIPTION | |
| Extent | xii, 223 p. |
| Other physical details | illus., 8 fold. maps (in pocket) |
| Dimensions | 25 cm. |
| 490 1# - SERIES STATEMENT | |
| Series statement | University of Nevada bulletin, |
| Volume/sequential designation | v. 45 , no. 3 Geology and mining series, no. 50 |
| 500 ## - GENERAL NOTE | |
| General note | "Publication of the Nevada State Bureau of Mines and the Mackay School of Mines." |
| 500 ## - GENERAL NOTE | |
| General note | "Recommended references": p. [219]-220. |
| 650 #0 - SUBJECT ADDED ENTRY--TOPICAL TERM | |
| Topical term or geographic name entry element | Mines and mineral resources |
| Geographic subdivision | Nevada |
| -- | Nye County. |
| 810 1# - SERIES ADDED ENTRY--CORPORATE NAME | |
| Corporate name or jurisdiction name as entry element | Nevada. |
| Subordinate unit | University. Geology and mining series ; |
| Volume/sequential designation | no. 50. |
No items available.